|
|
|
|
| LEADER |
00729nab a2200241 i 4500 |
| 001 |
misc65907 |
| 005 |
20221020092226.0 |
| 008 |
220614s1944 hu o 0|| ger d |
| 040 |
|
|
|a SZTE Miscellanea Repozitórium
|b hun
|
| 041 |
|
|
|a ger
|
| 041 |
|
|
|a fiu
|
| 100 |
1 |
|
|a Liimola Matti
|
| 245 |
1 |
0 |
|a Etymologische Bemerkungen
|h [elektronikus dokumentum] /
|c Liimola Matti
|
| 260 |
|
|
|c 1944
|
| 300 |
|
|
|a 77-90
|c 21 cm
|
| 300 |
|
|
|a [14] p.
|c 21 cm
|
| 490 |
0 |
|
|a Finnisch-ugrischen Forschungen
|
| 561 |
|
|
|a Németh Gyula hagyaték
|
| 591 |
|
|
|a NOU 3299
|
| 650 |
|
4 |
|a Bölcsészettudományok
|
| 650 |
|
4 |
|a Nyelvek és irodalom
|
| 695 |
|
|
|a Etimológia
|
| 856 |
4 |
0 |
|u http://misc.bibl.u-szeged.hu/65907/1/3299_nou_l66.pdf
|z Dokumentum-elérés
|